عرض عادي
عرض مارك
- Buckingham, Lela,
مدخل إسم شخص
001 - رقم الضبط
- حقل الضبط: 50166
003 - معرف رقم الضبط
- حقل الضبط: OSt
005 - تاريخ ووقت أخر عملية
- حقل الضبط: 20150730021906.0
008 - عناصر بيانات ثابتة الطول
- حقل تحكم ثابت الطول: 150730|| aca||aabn | a|a d
040 ## - مصدر الفهرسة
- هيئة الفهرسة الأصلية: OSt
- وكالة الكتابة: OSt
100 ## - مدخل -- أسم شخص
- إسم شخص: Buckingham, Lela,
670 ## - بيانات المصدر موجوده
- الاستشهاد بالمصدر: Work cat.: (OSt)0: Buckingham, Lela,, Fundamental laboratory mathematics :, 2014.
